[Event "2nd Ramco Technology Open 2019"]
[Site "Rajapalayam"]
[Date "2019.12.01"]
[Round "2.5"]
[White "Lokesh, N.."]
[Black "Raghava Madhavan"]
[Result "1-0"]
[WhiteElo "2238"]
[BlackElo "1419"]
[Annotator "TA"]
[PlyCount "41"]
[EventDate "2019.12.01"]
[EventType "swiss"]
[EventCountry "IND"]
[SourceTitle "playchess.com"]
[Source "ChessBase"]
[SourceQuality "1"]

{[%evp 17,41,6,19,14,27,20,15,15,29,30,89,87,82,83,58,23,92,0,877,873,939,1019,992,989,29998,29999]} 1. e4 e6 2. d3 c5 3. Nf3 d5 4. Nbd2 Nc6 5. g3 g6 6. Bg2 Bg7 7. O-O Nge7 8. Re1 O-O 9. e5 b6 10. Nf1 {[%cal Bd2f1,Bf1g3,Bg3h5][%mdl 32] A04: Unusual lines after 1 Nf3 and King's Indian Attack} (10. c3 Ba6 11. Nf1 h6 12. h4 Nf5 13. N1h2 b5 14. Bf4 b4 15. Qd2 bxc3 16. bxc3 h5 17. Bh3 Nce7 18. Bg5 Qa5 {1-0 (50) Burgos Figueroa,C (2221)-Fonseca Cabrera,E (2194) Managua 2016}) 10... Bb7 11. Bf4 Nf5 $146 ({Predecessor:} 11... d4 12. g4 Nd5 13. Bg3 f5 14. gxf5 gxf5 15. Qd2 f4 16. Bh4 Qe8 17. Qe2 Qh5 {0-1 (52) Forster,W (1908)-Dordevic,I (2019) Auckland 2011}) 12. c3 {The position is equal.} Rc8 13. Qd2 Qc7 {[#]} (13... h6 $11) 14. g4 $1 $16 {[%cal Rg4f5]} Nfe7 15. Ng3 Nb8 16. Bh6 Nd7 (16... d4 $1 $11) 17. Qg5 (17. d4 $16) 17... Qd8 $2 {[%mdl 8192]} (17... Nxe5 $11 18. Bxg7 (18. Rxe5 f6 $17 {[%mdl 64] Double Attack}) 18... Nxf3+ 19. Bxf3 Kxg7) 18. Bxg7 $18 Kxg7 19. Nh5+ $1 Kh8 {[#]} 20. Qh6 $1 {[%csl Gh5][%cal Rh6g7][%mdl 512]} Rg8 {[#]} 21. Ng5 $1 {[%mdl 576] Double Attack. Accuracy: White = 84%, Black = 25%.} 1-0

[Event "2nd Ramco Technology Open 2019"]
[Site "Rajapalayam"]
[Date "2019.12.01"]
[Round "3.1"]
[White "Kishore V"]
[Black "Laxman, R.R."]
[Result "0-1"]
[WhiteElo "1694"]
[BlackElo "2444"]
[Annotator "TA"]
[PlyCount "36"]
[EventDate "2019.12.01"]
[EventType "swiss"]
[EventCountry "IND"]
[SourceTitle "playchess.com"]
[Source "ChessBase"]
[SourceQuality "1"]

{[%evp 16,54,16,0,52,-20,-25,-39,-41,-33,-31,-67,-70,-104,-110,-224,-128,-414,-414,-406,-401,-381,-256,-390,-368,-574,-566,-557,-538,-620,-613,-608,-614,-750,-756,-1100,-1072,-1148,-1128,-1070,-1049]} 1. b3 Nf6 2. Bb2 d5 3. g3 g6 4. Bg2 Bg7 5. Nf3 O-O 6. O-O c5 7. c4 d4 8. b4 Nfd7 9. d3 cxb4 {A05: Réti Opening: 1 Nf3 Nf6} (9... Na6 $11) (9... Nc6 10. bxc5 Nxc5 11. Nfd2 Qc7 12. Ba3 Nb8 13. Ne4 Ne6 14. f4 f5 15. Nf2 Nc5 16. Nd2 Nba6 17. Nh3 {½-½ (37) Bachmann,A (2662)-Matsuura,E (2462) Cuiaba 2017}) 10. Bxd4 $146 ({White should play} 10. a3 $1 $14) ({Predecessor:} 10. a3 bxa3 11. Bxd4 e5 12. Bc3 Nc6 13. Nfd2 Nc5 14. Nxa3 Be6 15. Nc2 Qd7 16. Nb4 Ne7 17. Ra5 {1-0 (64) Rahman,Z (2481)-Siva,M (2298) Mumbai 2019}) 10... e5 $1 $11 {[%cal Re5d4]} 11. Bb2 e4 {Black is slightly better.} 12. Nd4 $1 exd3 {Threatens to win with ...Nb6.} (12... Nb6 $5 13. e3 $8 exd3 $11) 13. Qxd3 Nc5 14. Qd2 Na4 $36 {[%mdl 2048] Black is on the roll.} 15. Rd1 (15. e3 $17) 15... Qb6 (15... Nxb2 $19 16. Qxb2 {[#]} Nc6 $1 {[%mdl 512]}) 16. Qc2 $2 {[%mdl 8192]} (16. c5 $17 Nxc5 17. Nb3 Nxb3 18. axb3) 16... Nxb2 $19 17. Qxb2 Nc6 {[%cal Rc6d4]} 18. e3 Bg4 {Played: Rf8-d8} 0-1

[Event "2nd Ramco Technology Open 2019"]
[Site "Rajapalayam"]
[Date "2019.12.01"]
[Round "3.2"]
[White "Harikrishnan.A.Ra"]
[Black "Sai Alagappan S"]
[Result "1-0"]
[WhiteElo "2440"]
[BlackElo "1567"]
[Annotator "TA"]
[PlyCount "57"]
[EventDate "2019.12.01"]
[EventType "swiss"]
[EventCountry "IND"]
[SourceTitle "playchess.com"]
[Source "ChessBase"]
[SourceQuality "1"]

{[%evp 9,57,56,50,43,62,41,39,13,18,21,31,27,61,40,81,79,95,60,75,41,87,83,83,107,94,81,209,207,268,254,272,268,477,480,460,429,422,468,452,383,1354,1356,1313,1312,1248,1234,5054,2088,1338,1329]} 1. e4 d5 2. exd5 Nf6 3. d4 Nxd5 4. Nf3 Nf6 5. c4 c5 (5... c6 6. h3 g6 7. Nc3 Bg7 8. Be2 O-O 9. O-O a6 10. a4 a5 11. Bf4 Na6 12. Re1 Nb4 13. Bf1 Bf5 {½-½ (50) Rozum,I (2581)-Burmakin,V (2528) Kolkata 2018}) 6. d5 {B01: Scandinavian Defence} ({Much worse is} 6. dxc5 Qxd1+ 7. Kxd1 Nc6 $15) 6... e6 {[%cal Re6d5]} 7. Nc3 Bd6 8. Bg5 {White is slightly better.} O-O $146 ({Predecessor:} 8... Bd7 9. dxe6 Qe7 10. Be2 Qxe6 11. O-O Be7 12. Qc2 Nc6 13. Rad1 {½-½ (31) Bischof,P (2102)-Hauke,H (1608) Dresden 2016}) 9. Be2 Re8 10. O-O Na6 11. dxe6 Bxe6 12. Bxf6 gxf6 13. Ne4 Be7 14. Qb3 Qc7 15. Ng3 Nb4 16. a3 $36 {[%mdl 2048] Keeping Black busy.} Nc6 17. Bd3 b5 (17... Bd6 $16) 18. Qc2 $18 bxc4 19. Bxh7+ Kh8 20. Bf5 Nd4 $2 {[#]} (20... Bf8 {is a better defense.} 21. Bxe6 Rxe6 22. Qxc4 Ne5) 21. Nxd4 $1 cxd4 {[#]} 22. Qe4 $1 {[%mdl 512] Threatening mate with Qh4+.} Bxf5 23. Nxf5 {White wants to mate with Qh4+.} Bf8 24. Qxd4 Qe5 $2 (24... Re5) 25. Qh4+ {White is clearly winning.} Kg8 26. Qg4+ Kh8 27. Rac1 Qe4 28. Qh5+ Kg8 29. Rc3 {Accuracy: White = 72%, Black = 29%.} 1-0

[Event "2nd Ramco Technology Open 2019"]
[Site "Rajapalayam"]
[Date "2019.12.01"]
[Round "3.3"]
[White "Gokula Vishnu R"]
[Black "Muthaiah AL"]
[Result "0-1"]
[WhiteElo "1541"]
[BlackElo "2363"]
[Annotator "TA"]
[PlyCount "54"]
[EventDate "2019.12.01"]
[EventType "swiss"]
[EventCountry "IND"]
[SourceTitle "playchess.com"]
[Source "ChessBase"]
[SourceQuality "1"]

{[%evp 9,68,35,50,35,52,51,52,60,57,54,62,57,47,56,64,60,52,45,60,35,41,25,26,23,34,-13,-18,-114,-108,-123,-113,-137,-152,-129,-141,-147,-133,-269,-256,-312,-306,-298,-309,-295,-298,-338,-259,-570,-498,-793,-793,-779,-686,-771,-753,-975,-961,-1243,-1230,-29977,-29979]} 1. e4 c5 2. Nf3 e6 3. c4 a6 4. Nc3 Qc7 5. Be2 Nf6 6. a3 {B40: Sicilian: 2...e6, Unusual lines} d6 7. d4 cxd4 8. Nxd4 {White is slightly better.} Nbd7 9. Be3 b6 10. Rc1 Bb7 11. f3 Be7 12. b4 O-O 13. O-O Rac8 14. Kh1 Rfe8 {[#]} 15. Qb3 $146 ({Predecessor:} 15. Qd2 Qb8 16. Rfd1 Bd8 17. Nb3 Bc7 18. Bf4 d5 19. Bxc7 Rxc7 20. cxd5 exd5 21. exd5 Nxd5 22. Nxd5 Bxd5 23. Nd4 b5 24. Bf1 Rxc1 25. Rxc1 {½-½ (40) Yu,Y (2738)-Karthikeyan,M (2578) Moscow 2017}) 15... Qb8 16. Rfd1 Bd8 17. Qc2 d5 18. Qb1 (18. cxd5 $11 exd5 19. b5 axb5 20. Bxb5) 18... e5 $17 ({Don't play} 18... dxc4 $6 19. b5 $11) 19. Nf5 {[%cal Rc3d5]} d4 {[%mdl 64] Double Attack} 20. Bf2 {[#]} g6 $1 {[%cal Rg6f5]} ({But not} 20... dxc3 21. Nd6 $15) 21. Nxd4 exd4 22. Rxd4 Bc7 23. g3 (23. Bg1 $17) 23... Be5 $19 24. Rd3 Bxc3 25. Rcxc3 Bxe4 26. fxe4 Nxe4 {[%mdl 64] Double Attack} 27. Qf1 Nxc3 {Played: Nd7-e5} 0-1

[Event "2nd Ramco Technology Open 2019"]
[Site "Rajapalayam"]
[Date "2019.12.01"]
[Round "3.4"]
[White "Senthil Maran K"]
[Black "Murthy, Aaditya A"]
[Result "1-0"]
[WhiteElo "2312"]
[BlackElo "1771"]
[Annotator "TA"]
[PlyCount "61"]
[EventDate "2019.12.01"]
[EventType "swiss"]
[EventCountry "IND"]
[SourceTitle "playchess.com"]
[Source "ChessBase"]
[SourceQuality "1"]

{[%evp 15,61,0,0,-8,-3,-2,0,0,0,-11,0,0,0,-2,-16,-18,-26,-9,0,-96,-105,-113,-116,-114,-118,-147,-163,-149,-44,-90,-81,-91,-21,-17,45,40,135,153,121,0,95,0,89,85,1305,1277,29997,29998]} 1. d4 Nf6 2. c4 e6 3. g3 Bb4+ 4. Nc3 O-O 5. Bg2 d6 6. Nf3 Nc6 7. O-O Bxc3 8. bxc3 e5 9. e3 {E20: Nimzo-Indian: 4 g3 and 4 f3} (9. Qa4 Bd7 10. Qa3 h6 11. Rd1 Re8 12. c5 e4 13. Ne1 d5 14. Nc2 b6 15. Ne3 Na5 16. Rb1 Be6 {0-1 (46) Xu,X (2583)-Le,Q (2694) Xingtai 2019}) 9... e4 {...Bg4 is the strong threat.} 10. Nd2 $1 {[%cal Rd2e4]} Re8 11. f3 {The position is equal.} exf3 12. Qxf3 Bg4 $146 ({Predecessor:} 12... Qe7 13. e4 Bg4 14. Qf2 Qd7 15. Rb1 {0-1 (76) Hervas,F (1331)-Humen,J (1426) IECC email 1998}) 13. Qf2 Qd7 14. Ba3 Bh3 $36 {[%mdl 2048] Black has some pressure.} 15. e4 Bxg2 16. Qxg2 Nd8 17. c5 (17. e5 $11 {remains equal.} Ng4 18. Qf3) 17... Qa4 $17 18. Bc1 dxc5 19. e5 Nd7 $1 20. Nf3 cxd4 21. cxd4 Nf8 (21... c5 $17 22. Bb2 cxd4 23. Bxd4 Rc8) 22. Be3 Qd7 23. Rad1 {[#]} c6 (23... Qd5 $1 $17) 24. Ng5 $11 h6 (24... c5 $11) 25. Ne4 $14 Kh8 {[#]} (25... Nh7 $14) 26. Bxh6 $1 $16 gxh6 27. Qd2 (27. Nf6 $16 Qe6 28. Qd2 (28. Nxe8 Qxe8 29. Qd2 Qe6 $11)) 27... Kg7 (27... Re6 $1 $11 {keeps the balance.}) 28. Rf6 ({White should try} 28. Nf6 $16 Qe6 29. Nh5+ (29. Nxe8+ Qxe8 30. Rf6 Ng6 $14) (29. d5 cxd5 30. Nh5+ Kg8 $11) 29... Kg8 30. Nf6+ Kg7 31. Nxe8+ (31. d5 cxd5 32. Nh5+ Kg8 $11) 31... Qxe8 32. Rf6) 28... Ng6 (28... Qh3 $1 $11) 29. Nd6 {[%mdl 1024] Strongly threatening Nf5+. White has strong compensation.} Re6 $2 {[%mdl 8192]} (29... Rh8 $16) 30. Nf5+ $18 {[%mdl 64] Double Attack} Kg8 31. Qxh6 {Accuracy: White = 44%, Black = 19%.} 1-0

[Event "2nd Ramco Technology Open 2019"]
[Site "Rajapalayam"]
[Date "2019.12.01"]
[Round "3.5"]
[White "Praveen K B"]
[Black "Lokesh, N.."]
[Result "0-1"]
[WhiteElo "1533"]
[BlackElo "2238"]
[Annotator "TA"]
[PlyCount "56"]
[EventDate "2019.12.01"]
[EventType "swiss"]
[EventCountry "IND"]
[SourceTitle "playchess.com"]
[Source "ChessBase"]
[SourceQuality "1"]

{[%evp 16,114,25,0,23,29,17,0,8,0,-3,-14,0,0,12,0,14,10,23,21,19,0,6,-14,-20,-20,-15,-75,-68,-67,-52,-189,-83,-168,-122,-102,0,-86,-86,-88,-87,-104,-104,-97,-93,-96,-96,-129,-114,-158,-127,-166,-160,-157,-143,-137,-144,-258,-258,-258,-258,-258,-251,-251,-250,-246,-208,-483,-457,-558,-362,-336,-323,-558,-558,-558,-558,-558,-558,-558,-558,-548,-510,-1100,-1014,-1752,-1689,-1400,-1123,-1657,-1575,-29973,-29974,-29974,-29975,-29974,-29975,-29976,-29975,-29969,-29957]} 1. d4 Nf6 2. Bg5 d5 3. e3 Nbd7 4. Nf3 g6 5. Nbd2 Bg7 6. Bd3 O-O 7. O-O c5 8. c3 Qb6 9. Rb1 e5 {D03: 1 d4 d5 2 Nf3 Nf6 3 Bg5, including Torre Attack with early ...d5} (9... Re8 10. Re1 e5 11. dxe5 Nxe5 12. Nxe5 Rxe5 13. Bf4 Re8 14. c4 Be6 15. Qc2 Nh5 16. Bg5 Rac8 17. a3 Qc7 18. Bh4 a6 19. a4 Bf6 {1-0 (37) Erigaisi,A (2526)-Jumabayev,R (2625) Xingtai 2019}) 10. dxe5 Ng4 11. h3 (11. Bc2 {is more complex.} Ngxe5 12. e4 Nxf3+ 13. Qxf3 Ne5 14. Qg3) 11... Ngxe5 {The position is equal.} 12. Nxe5 $146 ({Predecessor:} 12. Bc2 Re8 13. Bf4 Nc6 14. Nb3 Nf6 15. Re1 Ne7 16. Nc1 Bf5 17. Bxf5 Nxf5 {0-1 (67) Unkelbach,M (1892)-Bachmann,W (1953) Sailauf 2000}) 12... Nxe5 13. Bc2 $1 Nc6 14. Nf3 Be6 15. b4 Bxc3 16. bxc5 Qxc5 17. Rxb7 Rfc8 18. Bd3 d4 19. exd4 Nxd4 20. Nxd4 Bxd4 21. Bf4 (21. Rb5 $11 Qc3 22. Qf3) 21... Bxa2 $17 22. Qa4 Be6 23. Rb4 {[#]} ({Better is} 23. Rbb1 $15) 23... Rd8 (23... Bd7 $1 $19 {[%cal Rd7a4][%mdl 512] has better winning chances.} 24. Bb5 (24. Qxd7 Qxb4) 24... a5) 24. Be4 (24. Ba6 $17 {was necessary.}) 24... Rac8 {Hoping for ...Bc3.} 25. Bb7 {[#]} Bc3 ({Black should try} 25... Bd7 $1 $17 {[%cal Rd7a4]} 26. Qb3 a5 27. Rxd4 Qxd4 28. Bxc8 Qxf4 29. Bxd7 Rxd7) 26. Bxc8 (26. Re4 $1 $11 {keeps the balance.}) 26... Qxb4 27. Qxb4 Bxb4 28. Ba6 Rd5 {Played: Bb4-c5} 0-1

[Event "2nd Ramco Technology Open 2019"]
[Site "Rajapalayam"]
[Date "2019.12.01"]
[Round "4.1"]
[White "Laxman, R.R."]
[Black "Ayyappan P Santhana Prabu"]
[Result "1-0"]
[WhiteElo "2444"]
[BlackElo "1708"]
[Annotator "TA"]
[PlyCount "47"]
[EventDate "2019.12.01"]
[EventType "swiss"]
[EventCountry "IND"]
[SourceTitle "playchess.com"]
[Source "ChessBase"]
[SourceQuality "1"]

{[%evp 18,55,9,20,31,35,25,35,22,28,36,37,41,35,38,35,60,25,54,56,60,48,101,108,208,162,210,137,190,181,245,254,308,308,308,314,29985,29984,29983,2555]} 1. d4 d5 2. Nf3 Nf6 3. c4 c6 4. e3 e6 5. b3 b6 6. Bd3 Bb7 7. O-O Nbd7 8. Bb2 Bd6 9. Nc3 O-O 10. Qc2 Rc8 {D45: Semi-Slav: 5 e3} 11. e4 dxe4 12. Nxe4 Nxe4 {White is slightly better.} 13. Bxe4 Nf6 14. Bd3 h6 15. Rad1 Qe7 16. Rfe1 Rfd8 {[#]} 17. h3 $146 ({Predecessor:} 17. Bc3 Bb4 18. Qc1 Bxc3 19. Qxc3 {1-0 (36) Roiz,M (2649)-Robson,R (2532) Caleta 2011}) 17... Kh8 18. Qc1 Kg8 19. Bb1 a6 (19... Nd7 $14) 20. Qc2 $16 Bc7 (20... Ba3 $16 {might work better.}) 21. Ne5 $18 h5 22. Nf3 g6 (22... Rd7 $16) 23. Qc3 Kg7 (23... Nd7 {was necessary.} 24. Be4 (24. d5 e5 $16) 24... Nf6) 24. Qd2 {Played: Qc3-e3} 1-0

[Event "2nd Ramco Technology Open 2019"]
[Site "Rajapalayam"]
[Date "2019.12.01"]
[Round "4.2"]
[White "Shyam, Sundar M."]
[Black "Harikrishnan.A.Ra"]
[Result "0-1"]
[WhiteElo "2527"]
[BlackElo "2440"]
[Annotator "TA"]
[PlyCount "94"]
[EventDate "2019.12.01"]
[EventType "swiss"]
[EventCountry "IND"]
[SourceTitle "playchess.com"]
[Source "ChessBase"]
[SourceQuality "1"]

{[%evp 11,94,24,38,22,13,9,16,8,17,0,50,30,29,39,26,13,32,-10,-15,-11,-7,-19,-20,-10,-17,0,1,0,0,-56,-54,-86,-82,-92,-89,-89,-99,-235,-228,-251,-235,-235,-226,-350,-339,-337,-315,-343,-341,-346,-354,-504,-485,-610,-589,-537,-461,-452,-391,-779,-772,-758,-731,-2281,-2699,-2527,-2406,-29976,-29977,-29979,-29980,-29980,-29980,-29980,-29981,-29981,-29982,-29983,-29984,-29985,-29986,-29988,-29989,-29989,-29990]} 1. e4 e6 2. Nf3 b6 3. d4 Bb7 4. Bd3 Nf6 5. Nbd2 d5 6. e5 Nfd7 7. Nf1 {C03: French Tarrasch: Unusual Black 3rd moves} c5 8. c3 Ba6 9. Ng3 $146 {The position is equal.} ({Predecessor:} 9. Bxa6 Nxa6 10. Ng3 Be7 11. O-O Nc7 12. Ne1 O-O 13. Nh5 f5 14. exf6 Nxf6 {½-½ (30) Ragger,M (2701)-Lizak,P (2468) Austria 2019}) 9... Be7 10. O-O h5 11. Ne2 Bxd3 12. Qxd3 Nc6 13. Ne1 a6 14. f4 {next f5 is good for White.} g6 15. Be3 b5 16. dxc5 Nxc5 17. Bxc5 Bxc5+ 18. Kh1 Qb6 19. Nf3 Rc8 20. Ned4 (20. b4 $11 Be3 21. a4) 20... Bxd4 $15 21. Nxd4 Nxd4 22. Qxd4 Qxd4 23. cxd4 {[%mdl 4096] Endgame KRR-KRR} Kd7 24. Rac1 (24. Rf2 $17 {was called for.}) 24... Rc4 $19 25. Rxc4 dxc4 {KR-KR} ({Weaker is} 25... bxc4 26. Kg1 $17) 26. Kg1 Rc8 27. Rc1 (27. Kf2 $142) 27... Kc6 28. Kf2 Kd5 29. Ke3 b4 30. g3 a5 {[%cal Ba6a5,Ba5a4,Ba4a3][%mdl 32]} 31. h4 (31. Rb1 {might work better.} a4 32. Rc1) 31... a4 32. Rc2 Ra8 33. Rc1 Ra5 34. Rb1 Ra6 35. Rc1 $2 (35. Kd2 Kxd4 36. a3) 35... a3 36. b3 {[#]} Rc6 $1 {Threatens to win with ...cxb3.} 37. Rb1 c3 38. Rc1 c2 39. Kd2 Kxd4 {Black mates.} 40. Rxc2 Rxc2+ 41. Kxc2 {KP-KP} Ke3 42. Kd1 Kf3 43. Kd2 Kxg3 44. Kd3 Kxf4 45. Kc4 g5 46. Kxb4 gxh4 47. Kxa3 h3 {Accuracy: White = 29%, Black = 87%.} 0-1

[Event "2nd Ramco Technology Open 2019"]
[Site "Rajapalayam"]
[Date "2019.12.01"]
[Round "4.3"]
[White "Muthaiah AL"]
[Black "Sudharsan Gurukrishnan"]
[Result "1-0"]
[WhiteElo "2363"]
[BlackElo "1692"]
[Annotator "TA"]
[PlyCount "75"]
[EventDate "2019.12.01"]
[EventType "swiss"]
[EventCountry "IND"]
[SourceTitle "playchess.com"]
[Source "ChessBase"]
[SourceQuality "1"]

{[%evp 12,75,-20,-24,27,19,37,24,43,42,51,54,81,76,80,80,82,84,97,55,45,35,59,59,55,60,79,79,81,81,81,79,82,74,99,80,94,92,221,218,239,245,297,310,304,303,326,326,326,326,327,327,317,288,347,0,298,248,448,437,463,396,652,642,610,568]} 1. Nf3 Nf6 2. c4 g6 3. b3 Bg7 4. Bb2 c5 5. Nc3 O-O 6. g3 Nc6 7. Bg2 a6 {A34: Symmetrical English: 2 Nc3, lines with ...d5} (7... d5 $142) (7... d6 8. d4 Bg4 9. d5 Na5 10. Nd2 a6 11. O-O Bd7 12. Qc2 b5 13. Rae1 bxc4 14. bxc4 Rb8 15. Nd1 {1-0 (52) Jobava,B (2627)-Mamedov,R (2703) St Petersburg 2018}) 8. d4 d6 9. dxc5 $146 ({Predecessor:} 9. O-O cxd4 10. Nxd4 Bd7 11. Qd2 Qc8 12. Rad1 Bh3 13. Nd5 Nxd5 14. Nxc6 Bxg2 15. cxd5 bxc6 16. Kxg2 Bxb2 17. Qxb2 cxd5 18. Rxd5 Qc6 {1-0 (51) Rjabzev,Y-Kobzev,D Tula 2002}) 9... dxc5 {White has an edge.} 10. Qxd8 Rxd8 11. Na4 Nd7 12. O-O-O b5 13. Bxg7 Kxg7 14. Ne1 Rb8 15. cxb5 Nd4 $1 16. e3 axb5 17. Nxc5 Nxc5 18. exd4 Na6 19. Nc2 $36 {[%mdl 2048] Black is under strong pressure.} Bb7 20. Bxb7 Rxb7 21. Rhe1 Rbd7 22. Re5 Nc7 23. Nb4 f6 24. Re2 e5 (24... Kf7 $16) 25. Nc6 $18 Rc8 26. dxe5 Nd5 27. exf6+ Kxf6 28. Rc2 Rdc7 29. Rxd5 Rxc6 30. Rxc6+ Rxc6+ {[%mdl 4096] Endgame KR-KR} 31. Kb2 Re6 32. Kc3 (32. Rxb5 Re2+ 33. Kb1 Re1+ 34. Kc2 Re2+ 35. Kd3 Rxa2 $18) 32... Rc6+ 33. Kb2 Re6 $1 34. Rd2 ({Resist} 34. Rxb5 Re2+ 35. Kb1 Re1+ 36. Kc2 Re2+ 37. Kd3 Rxa2 $18) 34... Kf5 $2 {[#]} (34... b4 35. a3 bxa3+ 36. Kxa3 Ra6+ 37. Kb2 Rb6) 35. Kc3 Re4 36. f3 Re3+ $2 (36... b4+ 37. Kd3 Re7) 37. Kb4 Rxf3 38. Kxb5 {Accuracy: White = 83%, Black = 18%.} 1-0

[Event "2nd Ramco Technology Open 2019"]
[Site "Rajapalayam"]
[Date "2019.12.01"]
[Round "4.4"]
[White "Avinash Ramesh"]
[Black "Senthil Maran K"]
[Result "1/2-1/2"]
[WhiteElo "1686"]
[BlackElo "2312"]
[Annotator "TA"]
[PlyCount "96"]
[EventDate "2019.12.01"]
[EventType "swiss"]
[EventCountry "IND"]
[SourceTitle "playchess.com"]
[Source "ChessBase"]
[SourceQuality "1"]

{[%evp 24,96,33,0,-5,-16,34,-30,-20,-33,0,0,0,0,1,5,13,-57,129,139,166,128,272,256,301,299,497,520,993,213,220,156,155,155,147,145,153,0,76,72,58,-94,-94,-89,-78,-92,0,0,0,0,0,-3,0,0,0,-58,0,0,0,0,0,0,0,0,0,0,0,0,0,0,0,0,0,0,0]} 1. e4 c6 2. d4 d5 3. Nd2 dxe4 4. Nxe4 Bf5 5. Ng3 Bg6 6. Nf3 Nd7 7. h4 h6 8. h5 Bh7 9. Bd3 Bxd3 10. Qxd3 Ngf6 11. Bd2 e6 12. O-O-O Qb6 13. c4 Be7 {B19: Classical Caro-Kann: 4...Bf5 main line} 14. Kb1 Rd8 15. Bc3 (15. Nh4 $14) (15. Bf4 O-O 16. Qc2 Rfe8 17. Nf1 c5 18. d5 exd5 19. cxd5 Ng4 20. N3h2 Nxh2 21. Rxh2 {½-½ (56) Duda,J (2724)-Esipenko,A (2571) Caleta 2018}) 15... O-O $11 {Black has an edge.} 16. Ne4 Nxe4 17. Qxe4 Nf6 $146 ({Predecessor:} 17... Bb4 18. Qc2 Bxc3 19. Qxc3 Nf6 20. Qe3 Qa6 21. Ne5 Nd7 22. b3 Nxe5 23. dxe5 Qa3 24. Rd4 a5 25. Rhd1 Rxd4 26. Qxd4 {½-½ (26) Neelotpal,D (2448)-Thejkumar,M (2479) Nagpur 2015}) 18. Qe2 Bb4 19. Bxb4 Qxb4 20. g4 (20. Rdg1 $11) 20... b5 $2 (20... Nxg4 $15 21. Rdg1 Nf6) 21. Ne5 $16 Qd6 22. f4 {And now g5 would win.} (22. cxb5 $6 cxb5 23. g5 (23. Qxb5 Rb8 $14) 23... hxg5 $14) 22... bxc4 (22... Nd7 $16 {was called for.}) 23. g5 $1 $18 {[%cal Rg5f6]} hxg5 24. fxg5 Nd5 $2 (24... Nd7 {is a better defense.} 25. Nxc4 Qd5) 25. g6 Qb4 (25... f6 $142) 26. Ka1 $2 (26. gxf7+ Rxf7 27. h6) 26... c3 27. h6 ({Inferior is} 27. Nxc6 cxb2+ 28. Qxb2 Qxb2+ 29. Kxb2 Rd7 $11) 27... cxb2+ 28. Qxb2 Qxb2+ 29. Kxb2 gxh6 {With the idea ...f6.} 30. Rxh6 $2 (30. gxf7+ $16 Rxf7 31. Nxf7 Kxf7 32. Rxh6) 30... Rb8+ (30... f6 $1 $11 {keeps the balance.} 31. Nf7 Rb8+ 32. Ka3 Ne3) 31. Ka1 $16 {[%mdl 1024] White has strong compensation.} f6 32. Nf7 $2 (32. Nd7 $14 {keeps the upper hand.} Kg7 33. Rhh1 Kxg6 34. Rc1 (34. Nxb8 Rxb8 35. Rc1 Rb6 $11) (34. Nxf8+ Rxf8 35. Rde1 Nf4 $11)) 32... Ne3 $1 $17 {[%cal Re3c2]} 33. Rc1 {[#] next Rh7 is good for White.} Kg7 $1 {...Nf5 is the strong threat.} 34. Rh3 {[#]} Kxg6 ({Black should play} 34... Ng4 $1 $17 35. Rg3 Kxg6) 35. Nh6 $1 $11 {Rg1+ would kill now.} Rb5 36. Rxe3 Kxh6 37. Rxe6 {[%mdl 4096] Endgame KRR-KRR} Kg5 (37... Rd5 {with more complications.} 38. Rcxc6 Kg6 39. Re7 Rxd4 40. Rxa7 Rb8) 38. Rexc6 f5 39. R6c5 (39. Rg1+ $11 Kf4 40. Re6) 39... Rxc5 (39... a6 $15) 40. dxc5 $15 {KR-KR. The position is equal.} Rc8 41. Kb2 f4 42. Kb3 f3 43. c6 Kh4 {White must now prevent ...f2.} (43... f2 $5 44. Rf1 $8 Rxc6 45. Rxf2 Rf6 46. Rg2+ Kf5 $11) 44. Kb4 f2 {Threatens to win with ...Rxc6!} 45. Kc5 Rf8 46. c7 {aiming for Kb5.} f1=Q 47. Rxf1 Rxf1 48. Kd6 Rc1 {Accuracy: White = 59%, Black = 44%.} 1/2-1/2

[Event "2nd Ramco Technology Open 2019"]
[Site "Rajapalayam"]
[Date "2019.12.01"]
[Round "4.5"]
[White "Lokesh, N.."]
[Black "Midilesh MS"]
[Result "1-0"]
[WhiteElo "2238"]
[BlackElo "1684"]
[Annotator "TA"]
[PlyCount "51"]
[EventDate "2019.12.01"]
[EventType "swiss"]
[EventCountry "IND"]
[SourceTitle "playchess.com"]
[Source "ChessBase"]
[SourceQuality "1"]

{[%evp 12,77,21,-27,40,18,0,15,5,0,92,82,123,121,125,127,355,350,387,360,367,345,357,357,349,370,536,536,520,521,1439,1406,1341,1285,1251,1114,1130,1058,1122,1106,1733,1719,1338,1308,1294,1300,1710,1129,1117,1097,1385,1082,1953,1833,2008,1992,3375,3173,29980,29981,29981,29982,29982,29983,29983,29984,29983,12845]} 1. e4 c5 2. Nc3 a6 3. Nf3 e6 4. d4 cxd4 5. Nxd4 b5 6. Be2 Bb7 7. Bf3 d6 {B43: Sicilian: Kan Variation: 5 Nc3} (7... Qc7 $11) 8. O-O $14 Nd7 9. a4 (9. g3 Ngf6 10. a3 Qc7 11. Bg2 Be7 12. Kh1 O-O 13. f4 Rfe8 14. g4 Nc5 {½-½ (60) Ponkratov,P (2605)-Jakovenko,D (2713) Khanty-Mansiysk 2013}) 9... b4 {The position is equal.} 10. Na2 {[%cal Bc3a2,Ba2b4,Bb4d5][%mdl 32]} Nc5 $146 (10... Ne5 $11 {remains equal.}) ({Predecessor:} 10... Ne5 11. Nxb4 d5 12. c3 dxe4 13. Be2 Bd6 14. a5 Nf6 {0-1 (30) Bekker,S (2257)-Nasuta,G (2482) Maastricht 2018}) 11. Nxb4 $16 Qb6 12. a5 $36 {[%mdl 2048] Keeping Black busy.} Qc7 13. Re1 Nf6 $2 {[#]} (13... Be7 $16 {was worth a try.}) 14. Nd5 $1 $18 {[%cal Rd5c7]} Nxd5 15. exd5 e5 16. Nc6 g6 17. b4 Nd7 18. c4 Nb8 (18... h5 $142 19. b5 f5) 19. b5 axb5 20. cxb5 Bxc6 21. b6 Qd7 22. dxc6 Nxc6 23. a6 Bg7 24. Qa4 d5 25. b7 Rd8 {[#]} 26. a7 {Played: Bf3xd5} 1-0